01485cam a2200301 i 45000010009000000050017000090080041000260100017000670200030000840400028001140420008001420500024001500820013001741000019001872450421002062500012006272600069006393000059007085040067007676500046008346500043008806500035009237000018009589060045009769420012010219990019010339520131010521792519020150127102830.0131031s2013 ii a b 001 0 eng  a 2013431383 a9789350906224 (paperback) aDLCbengcDLCerdadDLC apcc00aQH 323.2b.R37 201300a610.28/41 aRashid, Najat.10aManual of laboratory safety :bchemical, radioactive, and biosafety with biocides /cNajat Rashid, MSc, PhD (UK), director, Federal Medical Laboratories, consultant, Clinical and Molecular Biochemist, Ministry of Health, United Arab Emirates, Ramnik Sood, MD (Path, Gold Medalist), consultant, Reem Medical and Diagnostic Center, Healthcare Mena Limited, Sharjah, United Arab Emirates ; foreword, Mansour Al-Zarouni. a1st ed. aNew Delhi :bJaypee Brothers Medical Publishers (P) LTD,cc2013. axii, 162 pages :billustrations (some color) ;c24 cm. aIncludes bibliographical references (pages 153-155) and index. 0aBiological laboratoriesxSafety measures. 0aMedical laboratoriesxSafety measures. 0aLaboratoriesxSafety measures.1 aSood, Ramnik. a7bcbccorignewd2encipf20gy-gencatlg 2lcccBK c278737d278737 00102lcc40aSSLCbSSLCcSSLCd2015-01-27eLibrary Fundl0oQH 323.2 .R37 2013pSSLC1396r2017-04-20 00:00:00w2015-01-27yBK